د و ر ہ قا د يا ن1991ءحضر ت خليفتہ ا لمسيح ا لر ا بع (Record no. 94730)

MARC details
000 -LEADER
fixed length control field 00864nam a22002177a 4500
005 - DATE AND TIME OF LATEST TRANSACTION
control field 20150708115319.0
008 - FIXED-LENGTH DATA ELEMENTS--GENERAL INFORMATION
fixed length control field 140714b xxu||||| |||| 00| 0 Urdu d
010 ## - LCCN (DPL NO)
LC control number UR-9177
020 ## - INTERNATIONAL STANDARD BOOK NUMBER
Terms of availability 200.00
International Standard Book Number 9789383882250
035 ## - SYSTEM CONTROL NUMBER
System control number U-7732
037 ## - SOURCE OF ACQUISITION
Source of stock number/acquisition BPPD/Pub/Ven
040 ## - CATALOGING SOURCE
Original cataloging agency DPL
Language of cataloging Urdu
082 ## - DEWEY DECIMAL CLASSIFICATION NUMBER
Classification number 270.54
100 ## - MAIN ENTRY--PERSONAL NAME
Personal name مر تبہ :مکر م ہا د ی علی چو ہد ر ی صا حب
245 ## - TITLE STATEMENT
Title د و ر ہ قا د يا ن1991ءحضر ت خليفتہ ا لمسيح ا لر ا بع
Statement of responsibility, etc مر تبہ :مکر م ہا د ی علی چو ہد ر ی صا حب
246 #h - VARYING FORM OF TITLE
Title proper/short title Daura Qadian 1991
Remainder of title By Hadhrat Khalifatul Masih IV (ra)
260 ## - PUBLICATION, DISTRIBUTION, ETC. (IMPRINT)
Name of publisher, distributor, etc Nazarat Nashr-o-Ashaat Sadar Anjuman Ahmadia Qadian
Date of publication, distribution, etc 2014
Place of publication, distribution, etc Punjab
270 ## - ADDRESS
Address Zila Gurudass Pur,
City Punjab
Telephone number -
Postal code 143516
300 ## - PHYSICAL DESCRIPTION
Extent 267+21ص
Dimensions 22Cm (Hb)
942 ## - ADDED ENTRY ELEMENTS (KOHA)
Source of classification or shelving scheme Dewey Decimal Classification
Item type Urdu Bks
Edition
Classification part 270.54
Call number suffix ق ا د
Holdings
Withdrawn status Lost status Source of classification or shelving scheme Damaged status Not for loan Collection code Home library Current library Date acquired Source of acquisition Cost, normal purchase price Total Checkouts Full call number Barcode Date last seen Copy number Cost, replacement price Koha item type
    Dewey Decimal Classification   Not For Loan Non-fiction D.B.Act.Division D.B.Act.Division 08/07/2015 DBAD/Pub. 200.00   270.54 ق ا د U-7732 08/07/2015 1 200.00 Urdu Bks

© Delhi Public Library
Hit Counter
free hit counter